000 00857nam a2200181Ia 4500
008 100921s9999 xx 000 0 und d
082 _b16573
_a294.5 थ 48
100 _aराधाकृष्णन,अनु.मेहता बाळूभाई.
245 _aहिंदु धर्माची मूलतत्वे आणि पुर्नघटना.
260 _bसुलभ राष्ट्रीय ग्रंथमाला,पुणे.
_c1948
300 _a116
_b---
365 _b4
520 _aधर्म-हिंदु.
630 _aहिंदु धर्माची मूलतत्वे आणि पुर्नघटना.
650 _aधर्म-हिंदु.
730 _aहिंदु धर्माची मूलतत्वे आणि पुर्नघटना.
942 _cBOOK
999 _c765686
_d765683